000 00301 a2200109 4500
001 ART_42609
005 20260410161808.0
008 260409a
245 1 0 _aQuiebra
100 1 _aArduino, Augusto H.L.
773 0 _tDoctrina Societaria y Concursal
_g- NÂș 354 (mayo 2017)
_wREV4298
999 _c21177
_d21177